លំហាត់គណិតវិទ្យាទូទៅ : (Record no. 6630)

MARC details
000 -LEADER
fixed length control field 02540nam a22002297a 4500
001 - CONTROL NUMBER
control field 6630
003 - CONTROL NUMBER IDENTIFIER
control field FISKH
005 - DATE AND TIME OF LATEST TRANSACTION
control field 20250516115142.0
008 - FIXED-LENGTH DATA ELEMENTS--GENERAL INFORMATION
fixed length control field 250516b cb ||||| |||| 00| 0 eng d
040 ## - CATALOGING SOURCE
Original cataloging agency FISKH
Language of cataloging khr
Transcribing agency FISKH
Modifying agency FISKH
082 ## - DEWEY DECIMAL CLASSIFICATION NUMBER
Classification number 510
100 ## - MAIN ENTRY--PERSONAL NAME
Personal name Vanneurn, Sum
245 ## - TITLE STATEMENT
Title លំហាត់គណិតវិទ្យាទូទៅ :
Remainder of title សម្រាប់សិស្សពូកែទូទៅ និងត្រៀមប្រលងអាហារូបករណ៏ /
Statement of responsibility, etc. និពន្ធដោយលោកគ្រូ ស៊ុំ វ៉ាន់នឿន និង ទឺម វណ្ណា​
260 ## - PUBLICATION, DISTRIBUTION, ETC.
Place of publication, distribution, etc. ភ្នំពេញ :
Date of publication, distribution, etc. ២០០៩ .
300 ## - PHYSICAL DESCRIPTION
Extent 151 pages :
Other physical details illustrations ;
Dimensions 20 cm .
520 ## - SUMMARY, ETC.
Summary, etc. «សៀវភៅលំហាត់គណិតវិទ្យាទូទៅ សម្រាប់សិស្សពូកែទូទៅ និងត្រៀមប្រឡងអាហារូបករណ៍»<br/><br/>សៀវភៅនេះគឺជាសៀវភៅសំណួរលំហាត់គណិតវិទ្យាដែលត្រូវបានរៀបរាប់ឡើងដោយផ្អែកលើមាតិកាគណិតវិទ្យាមធ្យមសិក្សាទុតិយភូមិ (ថ្នាក់ទី ១២) ដោយផ្ដោតលើការបង្កើនសមត្ថភាពវិភាគ និងដោះស្រាយបញ្ហា ឱ្យសិស្សមានជំនាញខ្ពស់ក្នុងការត្រៀមប្រឡងសំខាន់ៗ ដូចជា៖<br/><br/>ប្រឡងជាតិថ្នាក់ទី ១២<br/><br/>ប្រឡងជ្រើសរើសអាហារូបករណ៍ក្នុងប្រទេស និងក្រៅប្រទេស<br/><br/>ប្រឡងសិស្សពូកែគណិតវិទ្យា
520 ## - SUMMARY, ETC.
Summary, etc. "General Mathematics Exercise Book for Outstanding Students and Scholarship Exam Preparation"<br/><br/>This book is a mathematics exercise book based on the Grade 12 high school mathematics curriculum. It focuses on enhancing analytical skills and problem-solving abilities, aiming to equip students with advanced competencies to prepare for major exams such as:<br/><br/>The National Grade 12 Exam<br/><br/>Scholarship selection exams, both domestic and international<br/><br/>Mathematics Olympiad and gifted student competitions
650 ## - SUBJECT ADDED ENTRY--TOPICAL TERM
Topical term or geographic name entry element គណិតវិទ្យា
650 ## - SUBJECT ADDED ENTRY--TOPICAL TERM
Topical term or geographic name entry element Mathematics
942 ## - ADDED ENTRY ELEMENTS (KOHA)
Source of classification or shelving scheme Dewey Decimal Classification
Koha item type Khmer Books
Suppress in OPAC No
Holdings
Withdrawn status Lost status Source of classification or shelving scheme Damaged status Not for loan Collection Home library Current library Shelving location Date acquired Total Checkouts Full call number Barcode Date last seen Price effective from Koha item type
    Dewey Decimal Classification     Khmer Language Books / សៀវភៅភាសាខ្មែរ Footprints International School Library Network Toul Tom Poung Campus Footprints International School Library Network Toul Tom Poung Campus TTP Secondary Khmer Bookshelves 05/16/2025   VAN 510 2025-1314 05/16/2025 05/16/2025 Khmer Books